00539 2200181 4500001002100000005001500021035002000036008004100056245004200097100001800139260003400157300002500191084002000216082001000236650007100246990002000317990002000337INLIS00000000000359620260506033606 a0010-1224001128260506 0 ind 1 aManagement Personalia /cM. Manullang aManullang, M. aJakarta :bAksara Baru,c1974 a216 hlm. ;c15x21 cm a658.3 MAN M C.1 a658.3 4aManajemen Personalia, Manajemen Sumber Daya Manusia, Manajemen SDM a890511300006401 a890511300006402